000 00385nam a2200157Ia 4500
008 151213s9999 xx 000 0 und d
100 _aRichard Poirier
245 _aRobert Frost
_cRichard Poirier
250 _a1st
260 _aNew York
_bOxford University Press
_c1977
300 _a4654 p.
650 _aCritics
650 _aEnglish
700 _aRichard Poirier
999 _c3001
_d3001